US State Capitals Ending With A - Statistics

General Stats
  • This quiz has been taken 67 times
  • The average score is 4 of 6
Answer Stats
capital % Correct
Augusta
79%
Atlanta
72%
Olympia
69%
Helena
62%
Topeka
50%
Columbia
47%
No matching quizzes found
Score Distribution
Percent of People with Each Score
Percentile by Number Answered
Your Score History
You have not taken this quiz